[Event "14th IBCA World Chess Championship for Blind 2019"]
[Site "Cagliari"]
[Date "2019.04.08"]
[Round "3"]
[Board "5"]
[White "Wassin, Sergej"]
[Black "Kolpakov, Vladyslav"]
[Result "1/2-1/2"]
[WhiteElo "2262"]
[BlackElo "2150"]
[PlyCount "151"]
[EventDate "2019.04.06"]
[EventRounds "9"]
[EventCountry "ITA"]

1. d4 Nf6 2. Nf3 g6 3. g3 Bg7 4. Bg2 O-O 5. c4 c6 6. Nc3 d5 7. Qb3 Qb6 8. Qxb6
axb6 9. cxd5 Nxd5 10. Nxd5 cxd5 11. e3 Nc6 12. Bd2 Bd7 13. O-O e6 14. Bc3 Ra4
15. a3 Rfa8 16. Nd2 Bf8 17. Nb3 Na5 18. Bxa5 bxa5 19. Rfc1 b5 20. Nc5 Bxc5 21.
dxc5 Rc4 22. Bf1 Rxc1 23. Rxc1 Bc6 24. b3 f6 25. Bg2 Kf7 26. Kf1 e5 27. Ke2 Ke7
28. Kd3 Rd8 29. Kc2 Rc8 30. Rd1 Rd8 31. Rd2 Ke6 32. Bh3+ Ke7 33. Kc3 Ra8 34. f4
Rb8 35. Kb2 Ra8 36. Rd1 Rd8 37. Bg2 Ke6 38. Bh3+ Ke7 39. Bg2 Ke6 40. b4 Ra8 41.
Ra1 axb4 42. axb4 Rxa1 43. Kxa1 g5 44. Bh3+ Ke7 45. fxe5 fxe5 46. Kb2 Bd7 47.
Bg2 Bc6 48. Kc2 g4 49. Bf1 Kf6 50. Kc3 Kg5 51. Bd3 h5 52. Bh7 Kf6 53. Kd3 Bd7
54. e4 d4 55. Kd2 Bc6 56. Ke2 Kg7 57. Bf5 Kf6 58. Kd3 Kf7 59. h3 gxh3 60. Bxh3
Kf6 61. Bf5 Kf7 62. Ke2 Kf6 63. Kf3 Kf7 64. Bh3 Kf6 65. Bf1 Bd7 66. Bd3 Bg4+
67. Kf2 Bd7 68. Bc2 Bc6 69. Kf3 Bd7 70. Ke2 Bc6 71. Kd3 Bd7 72. Bb3 Be6 73. Bd5
Bxd5 74. exd5 Ke7 75. Ke4 Kd7 76. Kd3  1/2-1/2

[Event "14th IBCA World Chess Championship for Blind 2019"]
[Site "Cagliari"]
[Date "2019.04.08"]
[Round "3"]
[Board "6"]
[White "Grigorchuk, Sergey"]
[Black "Lindenmair, Anton"]
[Result "1/2-1/2"]
[WhiteElo "2236"]
[BlackElo "1974"]
[PlyCount "70"]
[EventDate "2019.04.06"]
[EventRounds "9"]
[EventCountry "ITA"]

1. d4 Nf6 2. c4 g6 3. Nc3 Bg7 4. e4 d6 5. Be2 O-O 6. Bg5 Na6 7. Qd2 e5 8. d5 c6
9. h4 cxd5 10. cxd5 Nc5 11. f3 Bd7 12. h5 Rc8 13. Nh3 h6 14. Bxh6 Nxh5 15. g4
Ng3 16. Rh2 Ngxe4 17. fxe4 Qh4+ 18. Kf1 Bxh6 19. Qe1 Qxe1+ 20. Kxe1 f5 21. g5
Bg7 22. Nf2 Kf7 23. Kd2 Rh8 24. Rah1 Rxh2 25. Rxh2 Rh8 26. Rxh8 Bxh8 27. Nb5
Bxb5 28. Bxb5 Nxe4+ 29. Nxe4 fxe4 30. Ke3 Bg7 31. Kxe4 Bf8 32. Kf3 Be7 33. Kg4
e4 34. Kf4 e3 35. Bd3 Bd8  1/2-1/2

[Event "14th IBCA World Chess Championship for Blind 2019"]
[Site "Cagliari"]
[Date "2019.04.08"]
[Round "3"]
[Board "7"]
[White "Avram, Sretko"]
[Black "Dukaczewski, Piotr"]
[Result "0-1"]
[WhiteElo "2120"]
[BlackElo "2225"]
[PlyCount "77"]
[EventDate "2019.04.06"]
[EventRounds "9"]
[EventCountry "ITA"]

1. Nf3 Nf6 2. c4 g6 3. b3 Bg7 4. Bb2 d6 5. d4 O-O 6. g3 e5 7. dxe5 Nfd7 8. Bg2
dxe5 9. Nc3 Re8 10. e4 c6 11. O-O a5 12. Qd2 Na6 13. Rfd1 Nac5 14. Rac1 Qb6 15.
Ba3 Ne6 16. Na4 Qd8 17. Bb2 f6 18. Bh3 Bf8 19. c5 Ndxc5 20. Qxd8 Nxd8 21. Nb6
Bxh3 22. Nxa8 Bg4 23. Kg2 Nde6 24. Nb6 Nxe4 25. h3 Bf5 26. Nd7 Bh6 27. Ra1 Kf7
28. g4 Nf4+ 29. Kf1 Be6 30. Ng1 Nd5 31. Nxe5+ fxe5 32. Bxe5 Nf4 33. f3 Nc5 34.
Bc7 a4 35. Bd6 Ncd3 36. Bxf4 Nxf4 37. bxa4 Nd5 38. Rd3 Nb4 39. Rad1  0-1

[Event "14th IBCA World Chess Championship for Blind 2019"]
[Site "Cagliari"]
[Date "2019.04.08"]
[Round "3"]
[Board "8"]
[White "Magnusson, Jorgen"]
[Black "Vela Ignacio, Jose Manuel"]
[Result "1-0"]
[WhiteElo "2301"]
[BlackElo "2038"]
[PlyCount "47"]
[EventDate "2019.04.06"]
[EventRounds "9"]
[EventCountry "ITA"]

1. c4 e5 2. g3 Nf6 3. Bg2 d5 4. cxd5 Nxd5 5. Nf3 Nc6 6. O-O Be7 7. d4 exd4 8.
Nxd4 Nxd4 9. Qxd4 Nb4 10. Qxg7 Bf6 11. Qh6 Nc2 12. Nc3 Nxa1 13. Rd1 Bd4 14. Bg5
Qd6 15. Qh4 c5 16. e3 f6 17. Qh5+ Kd8 18. Ne4 Qf8 19. Bxf6+ Kc7 20. exd4 Bd7
21. Qe5+ Kb6 22. dxc5+ Ka6 23. Rxd7 Qc8 24. Bf1+  1-0

[Event "14th IBCA World Chess Championship for Blind 2019"]
[Site "Cagliari"]
[Date "2019.04.08"]
[Round "3"]
[Board "9"]
[White "Draganov, Ruslan"]
[Black "Nikac, Predrag"]
[Result "0-1"]
[WhiteElo "2162"]
[BlackElo "2297"]
[PlyCount "64"]
[EventDate "2019.04.06"]
[EventRounds "9"]
[EventCountry "ITA"]

1. d4 f5 2. Bf4 Nf6 3. Nc3 c6 4. Qd2 b5 5. Nf3 b4 6. Nd1 Ne4 7. Qe3 d6 8. h4
Nd7 9. Ng5 Ndf6 10. Qb3 Nd5 11. Ne3 Nef6 12. Nxd5 Nxd5 13. e4 fxe4 14. Bb5 Bd7
15. Bd2 Qb6 16. Bc4 e6 17. O-O-O Be7 18. Nxe4 O-O 19. Bg5 Rae8 20. Qg3 c5 21.
dxc5 dxc5 22. Rhe1 Bb5 23. Bxd5 exd5 24. Rxd5 h6 25. Bxe7 Rxe7 26. Rd6 Qc7 27.
f3 Bc6 28. Nxc5 Rxe1+ 29. Qxe1 Qxd6 30. Qxb4 Qf4+ 31. Qxf4 Rxf4 32. Nd3 Rxh4
 0-1

[Event "14th IBCA World Chess Championship for Blind 2019"]
[Site "Cagliari"]
[Date "2019.04.08"]
[Round "3"]
[Board "10"]
[White "Migala, Andrzej"]
[Black "Mueller, Oliver"]
[Result "0-1"]
[WhiteElo "2037"]
[BlackElo "2253"]
[PlyCount "86"]
[EventDate "2019.04.06"]
[EventRounds "9"]
[EventCountry "ITA"]

1. e4 c5 2. Be2 e6 3. d3 d5 4. f4 Nc6 5. Nf3 g6 6. O-O Bg7 7. c3 Nge7 8. Qe1
Rb8 9. a4 a6 10. Qf2 Na5 11. Ra3 Qc7 12. Be3 b6 13. b4 d4 14. bxa5 dxe3 15.
Qxe3 b5 16. axb5 axb5 17. Nbd2 Ra8 18. Rb1 b4 19. cxb4 cxb4 20. Rab3 Bc3 21.
Nc4 Nc6 22. Qc5 Kd8 23. Kf1 Nxa5 24. Qxc7+ Kxc7 25. Nxa5 Rxa5 26. Ne5 f6 27.
Nc4 Ra2 28. Nb2 Bd7 29. Nd1 Bd2 30. R3b2 Rha8 31. Bf3 Bb5 32. Ke2 Bxf4 33. g3
Be5 34. Rxa2 Rxa2+ 35. Ke3 Bd6 36. Nb2 Bc5+ 37. Kd2 Bd4 38. Kc1 Kd6 39. Bg4 f5
40. exf5 exf5 41. Bf3 Ke5 42. Bd1 Be3+ 43. Kc2 Ba4#  0-1

[Event "14th IBCA World Chess Championship for Blind 2019"]
[Site "Cagliari"]
[Date "2019.04.08"]
[Round "3"]
[Board "11"]
[White "Ross, Chris N"]
[Black "Zoltek, Tadeusz"]
[Result "0-1"]
[WhiteElo "2224"]
[BlackElo "2092"]
[PlyCount "68"]
[EventDate "2019.04.06"]
[EventRounds "9"]
[EventCountry "ITA"]

1. e4 e6 2. d4 d5 3. e5 c5 4. c3 Qb6 5. Nf3 Nc6 6. a3 Bd7 7. b4 cxd4 8. cxd4
Rc8 9. Be3 Nh6 10. Bd3 Ne7 11. Qe2 Nef5 12. O-O Nxe3 13. fxe3 Be7 14. Nbd2 Ba4
15. Rac1 O-O 16. e4 Bc6 17. b5 dxe4 18. Nxe4 Bxe4 19. Qxe4 g6 20. Qf4 Kg7 21.
Kh1 Rxc1 22. Rxc1 Bxa3 23. Qf6+ Kg8 24. Ra1 Bb2 25. Rb1 Bxd4 26. Qh4 Be3 27.
Ng5 Bxg5 28. Qxg5 Qd8 29. Qg3 Qd4 30. h3 Rd8 31. Rb3 Rc8 32. Qg5 Nf5 33. Qf6
Rc1+ 34. Kh2 Qg1#  0-1

[Event "14th IBCA World Chess Championship for Blind 2019"]
[Site "Cagliari"]
[Date "2019.04.08"]
[Round "3"]
[Board "12"]
[White "Dobierzin, Olaf"]
[Black "Komissarov, Alexey"]
[Result "1-0"]
[WhiteElo "1992"]
[BlackElo "2207"]
[PlyCount "59"]
[EventDate "2019.04.06"]
[EventRounds "9"]
[EventCountry "ITA"]

1. e4 e5 2. Nf3 Nc6 3. Bb5 a6 4. Ba4 Nf6 5. O-O Bc5 6. c3 Ba7 7. d4 O-O 8. Re1
exd4 9. e5 Ng4 10. h3 Nxf2 11. Kxf2 b5 12. Bb3 dxc3+ 13. Kg3 cxb2 14. Bxb2 Bb7
15. Bd5 Rb8 16. Nbd2 Ne7 17. Bxb7 Rxb7 18. Ne4 Nf5+ 19. Kh2 d5 20. exd6 cxd6
21. Qd5 Qd7 22. g4 Ne3 23. Qg5 f5 24. Nf6+ Rxf6 25. Bxf6 Nc2 26. Re7 Qxe7 27.
Bxe7 Nxa1 28. Bxd6 Rd7 29. Be5 fxg4 30. Qxg4  1-0

[Event "14th IBCA World Chess Championship for Blind 2019"]
[Site "Cagliari"]
[Date "2019.04.08"]
[Round "3"]
[Board "13"]
[White "Rutkowski, Jerzy"]
[Black "Jandric, Damjan"]
[Result "1/2-1/2"]
[WhiteElo "1980"]
[BlackElo "2196"]
[PlyCount "102"]
[EventDate "2019.04.06"]
[EventRounds "9"]
[EventCountry "ITA"]

1. e4 c5 2. Nf3 d6 3. Bb5+ Bd7 4. Bxd7+ Nxd7 5. Nc3 Ngf6 6. Qe2 e6 7. d3 Be7 8.
Nd2 Ne5 9. f4 Nc6 10. Nf3 O-O 11. O-O Nd7 12. Nd1 b5 13. c3 b4 14. Ne3 Nb6 15.
Bd2 bxc3 16. bxc3 d5 17. Ng4 Qc8 18. Nfe5 f6 19. Nxc6 Qxc6 20. exd5 Qxd5 21.
Rfe1 Kf7 22. c4 Qd7 23. Rad1 Rfe8 24. Nf2 $11 f5 25. Bc3 Bd6 26. Nh3 h6 27.
Qh5+ Kg8 28. Qg6 Qf7 29. Qg3 Rad8 30. Qf3 Bf8 31. Nf2 Rd7 32. Rd2 Red8 33. Red1
Na4 34. Ba1 Nb6 35. Bc3 Be7 36. Qe3 Bf8 37. Re1 Rd6 38. Ree2 Qd7 39. g3 Qc6 40.
Be5 R6d7 41. Bc3 Kf7 42. g4 Re7 43. Qh3 Qd7 44. Qh4 Kg8 45. g5 Qe8 46. Re3 Qg6
47. Rg3 Kf7 48. Qh3 Red7 49. Re2 h5 50. Qh4 Bd6 51. Rge3 Re7  1/2-1/2

[Event "14th IBCA World Chess Championship for Blind 2019"]
[Site "Cagliari"]
[Date "2019.04.08"]
[Round "3"]
[Board "14"]
[White "Deniz, Ugur"]
[Black "Zsiltzova-Lisenko, Lubov"]
[Result "1/2-1/2"]
[WhiteElo "1871"]
[BlackElo "2191"]
[PlyCount "148"]
[EventDate "2019.04.06"]
[EventRounds "9"]
[EventCountry "ITA"]

1. e4 c5 2. Nf3 d6 3. Bb5+ Nd7 4. d4 cxd4 5. Qxd4 a6 6. Bxd7+ Bxd7 7. Nc3 e6 8.
Bg5 Qa5 9. O-O-O Rc8 10. Kb1 h6 11. Bh4 Qc5 12. Rhe1 Qxd4 13. Rxd4 g5 14. Bg3
e5 15. Rd3 Nf6 16. h3 Be7 17. Red1 Be6 18. Rxd6 Bxd6 19. Rxd6 Ke7 20. Rb6 Rhd8
21. Rxb7+ Kf8 22. a3 Nxe4 23. Bxe5 Nxc3+ 24. bxc3 Rc5 25. Bf6 Rd1+ 26. Kb2 Rb5+
27. Rxb5 axb5 28. h4 g4 29. Nd4 Bd7 30. Nb3 g3 31. fxg3 Rg1 32. Be5 Rxg2 33.
Bf4 h5 34. Nd4 Ke7 35. Kb3 Rg1 36. Kb4 Rb1+ 37. Kc5 Rb2 38. c4 bxc4 39. Kxc4
Ba4 40. c3 Bd7 41. Kd5 Be6+ 42. Kc5 Ra2 43. Nb5 Bd7 44. c4 Bxb5 45. cxb5 Rxa3
46. b6 Rb3 47. Bc7 Kd7 48. Kc4 Rb1 49. Kd5 Rd1+ 50. Ke5 Rf1 51. Ke4 Rf6 52. Ke5
Rf1 53. Kd5 Rd1+ 54. Kc5 Rc1+ 55. Kb5 Rb1+ 56. Kc5 Rc1+ 57. Kd5 Rd1+ 58. Ke5
Rb1 59. Kf5 Ke7 60. Kg5 Rb5+ 61. Kh6 Ke8 62. Kg7 Ke7 63. Kh7 Kd7 64. Kh8 Ke7
65. Kg7 Rb3 66. Kh6 Rb5 67. Bf4 Rxb6+ 68. Kxh5 Kf8 69. g4 Kg8 70. g5 Ra6 71.
Kg4 Ra5 72. h5 Kh7 73. Kh3 Ra4 74. Kg4 Ra5  1/2-1/2

[Event "14th IBCA World Chess Championship for Blind 2019"]
[Site "Cagliari"]
[Date "2019.04.08"]
[Round "3"]
[Board "15"]
[White "Tuka, Oleg"]
[Black "Donmez, Unal"]
[Result "1-0"]
[WhiteElo "2367"]
[BlackElo "1887"]
[PlyCount "72"]
[EventDate "2019.04.06"]
[EventRounds "9"]
[EventCountry "ITA"]

1. d4 Nf6 2. c4 e6 3. Nc3 Bb4 4. Qc2 O-O 5. Nf3 b6 6. e3 Bb7 7. Bd3 c5 8. dxc5
Bxc5 9. a3 Re8 10. b4 Bf8 11. Bb2 Nc6 12. Rd1 Rc8 13. O-O a6 14. Ng5 g6 15.
Nce4 Nxe4 16. Nxe4 e5 17. Be2 d6 18. Qd3 f5 19. Qd5+ Kh8 20. Nxd6 Bxd6 21. Qxd6
Nd4 22. Rxd4 exd4 23. Qxd4+ Qxd4 24. Bxd4+ Kg8 25. Bxb6 f4 26. Rc1 Re6 27. Bd4
h5 28. c5 Kf8 29. a4 Rd8 30. Bc4 Re4 31. b5 fxe3 32. fxe3 Rg4 33. c6 axb5 34.
axb5 Ba8 35. Rf1+ Ke8 36. Bc5 Rd1  1-0

[Event "14th IBCA World Chess Championship for Blind 2019"]
[Site "Cagliari"]
[Date "2019.04.08"]
[Round "3"]
[Board "16"]
[White "Streltsov, Alexey"]
[Black "Pohlers, Juergen"]
[Result "1-0"]
[WhiteElo "2131"]
[BlackElo "1923"]
[PlyCount "57"]
[EventDate "2019.04.06"]
[EventRounds "9"]
[EventCountry "ITA"]

1. e4 c5 2. Nf3 Nc6 3. Bb5 g6 4. Bxc6 dxc6 5. d3 Bg7 6. h3 Nf6 7. Nc3 Nd7 8.
O-O O-O 9. Be3 b6 10. Qd2 Ne5 11. Nh2 f6 12. f4 Nf7 13. f5 Ne5 14. g4 g5 15.
Nf3 Qd6 16. Kg2 Bd7 17. Rae1 Rad8 18. Bg1 h6 19. Bh2 Nxf3 20. Rxf3 e5 21. fxe6
Qxe6 22. Qf2 Rde8 23. Rf1 h5 24. gxh5 g4 25. Rg3 gxh3+ 26. Kh1 Kh8 27. Rg6 Qf7
28. Rfg1 Re7 29. h6  1-0

[Event "14th IBCA World Chess Championship for Blind 2019"]
[Site "Cagliari"]
[Date "2019.04.08"]
[Round "3"]
[Board "17"]
[White "Vrioni, Bersan"]
[Black "Fernandez Manrique, Agustin"]
[Result "1-0"]
[WhiteElo "1924"]
[BlackElo "2120"]
[PlyCount "45"]
[EventDate "2019.04.06"]
[EventRounds "9"]
[EventCountry "ITA"]

1. e4 e6 2. d4 d5 3. e5 c5 4. c3 Nc6 5. Nf3 Qb6 6. a3 Nh6 7. b4 cxd4 8. cxd4
Nf5 9. Bb2 Bd7 10. Nc3 Rc8 11. Na4 Qd8 12. Nc5 Bxc5 13. dxc5 O-O 14. Bd3 Nh4
15. Nxh4 Qxh4 16. O-O Ne7 17. f4 g6 18. Qd2 a6 19. Rf3 Nf5 20. Rh3 Qe7 21. g4
Ng7 22. f5 Nxf5 23. gxf5  1-0

[Event "14th IBCA World Chess Championship for Blind 2019"]
[Site "Cagliari"]
[Date "2019.04.08"]
[Round "3"]
[Board "18"]
[White "Clemente Llamero, Roberto"]
[Black "Tonteri, Ari"]
[Result "1-0"]
[WhiteElo "2117"]
[BlackElo "1870"]
[PlyCount "99"]
[EventDate "2019.04.06"]
[EventRounds "9"]
[EventCountry "ITA"]

1. e4 e5 2. Nf3 Nc6 3. d4 exd4 4. Nxd4 Nf6 5. Nxc6 bxc6 6. e5 Qe7 7. Qe2 Nd5 8.
c4 Nb6 9. g3 Qe6 10. Nd2 Bb4 11. a3 Bxd2+ 12. Bxd2 Ba6 13. b3 O-O 14. Bg2 Rfe8
15. O-O Qxe5 16. Qxe5 Rxe5 17. Bf4 Re7 18. Bxc7 d5 19. Bxb6 axb6 20. Rfc1 Bb7
21. cxd5 cxd5 22. Rd1 Rd8 23. Rd4 g6 24. Rad1 Kg7 25. a4 Kf6 26. h4 Rd6 27. Rb4
h6 28. Bf3 h5 29. Bg2 Kg7 30. Rbd4 f5 31. Rb4 Kf6 32. Bf3 Kg7 33. Kg2 Kf6 34.
Kg1 Kg7 35. Kh1 Kf6 36. Kg2 Kg7 37. Kh2 Kf6 38. Kh1 Kg7 39. Kh2 Kg8 40. Kh3 Kg7
41. Rbd4 Kf6 42. Kh2 Kg7 43. Rb4 Kf6 44. Rd2 Kg7 45. Rbd4 Kf6 46. Kg2 Kg7 47.
Rb4 Ba6 48. Ra2 Ree6 49. a5 bxa5 50. Rxa5 {...}  1-0

[Event "14th IBCA World Chess Championship for Blind 2019"]
[Site "Cagliari"]
[Date "2019.04.08"]
[Round "3"]
[Board "19"]
[White "Janjic, Stefan"]
[Black "Deville, Olivier"]
[Result "1/2-1/2"]
[WhiteElo "2090"]
[BlackElo "1858"]
[PlyCount "129"]
[EventDate "2019.04.06"]
[EventRounds "9"]
[EventCountry "ITA"]

1. d4 Nf6 2. g3 d5 3. Bg2 Bf5 4. c4 c6 5. Nd2 e6 6. Ngf3 h6 7. O-O Be7 8. b3
O-O 9. Bb2 Nbd7 10. Re1 Bh7 11. Nf1 a5 12. a3 Qb6 13. c5 Qc7 14. Rc1 Ne4 15.
N1d2 Bf6 16. Nxe4 Bxe4 17. Nd2 Bxg2 18. Kxg2 e5 19. e3 e4 20. Nb1 Be7 21. Re2
f5 22. Rec2 Nf6 23. Nc3 g5 24. Ne2 Qd7 25. Bc3 Bd8 26. b4 axb4 27. axb4 Bc7 28.
Bd2 Qf7 29. b5 Nh5 30. bxc6 bxc6 31. Rb1 f4 32. exf4 gxf4 33. Nxf4 Nxf4+ 34.
Bxf4 Bxf4 35. gxf4 Qxf4 36. Rb3 Rf7 37. Rg3+ Rg7 38. Rb2 Rf8 39. Qe2 Qf6 40.
Qe3 Qf3+ 41. Qxf3 Rxf3 42. Rb8+ Rf8 43. Rb6 Rxg3+ 44. hxg3 Rf6 45. Rb7 Kf8 46.
Rc7 Ke8 47. Ra7 Kf8 48. Rh7 Ke8 49. Kf1 Kd8 50. Ke2 Ke8 51. Rc7 Kd8 52. Rb7 Kc8
53. Ra7 Kb8 54. Ra3 Kb7 55. Rb3+ Kc7 56. f3 exf3+ 57. Rxf3 Rg6 58. Rf7+ Kd8 59.
Kf3 Re6 60. Kg4 Re4+ 61. Rf4 Re6 62. Kf3 Ke7 63. Kg4 Rg6+ 64. Kh3 Re6 65. Kg4
 1/2-1/2

[Event "14th IBCA World Chess Championship for Blind 2019"]
[Site "Cagliari"]
[Date "2019.04.08"]
[Round "3"]
[Board "20"]
[White "Aryan, B Joshi"]
[Black "Mueller, Thorsten"]
[Result "1-0"]
[WhiteElo "1864"]
[BlackElo "2086"]
[PlyCount "57"]
[EventDate "2019.04.06"]
[EventRounds "9"]
[EventCountry "ITA"]

1. e4 e6 2. d4 d5 3. Nd2 Nf6 4. e5 Nfd7 5. Bd3 c5 6. c3 Nc6 7. Ngf3 Qb6 8. O-O
Be7 9. a3 cxd4 10. cxd4 f6 11. exf6 Bxf6 12. Re1 O-O 13. Nb3 e5 14. dxe5 Ndxe5
15. Nxe5 Bxe5 16. Qc2 Rxf2 17. Qxf2 Qxb3 18. Qc2 Qb6+ 19. Kh1 h6 20. Bh7+ Kh8
21. Bf4 Nd4 22. Qd3 Bf5 23. Bxf5 Bxf4 24. Rad1 Nxf5 25. Qxf5 Bg5 26. Rxd5 Qxb2
27. Rde5 Rg8 28. Re8 Qb3 29. Qg6  1-0

[Event "14th IBCA World Chess Championship for Blind 2019"]
[Site "Cagliari"]
[Date "2019.04.08"]
[Round "3"]
[Board "21"]
[White "Chojnowski, Marcin"]
[Black "Holmela, Kari"]
[Result "1-0"]
[WhiteElo "2083"]
[BlackElo "1840"]
[PlyCount "42"]
[EventDate "2019.04.06"]
[EventRounds "9"]
[EventCountry "ITA"]

1. e4 c5 2. Nf3 d6 3. c3 e6 4. d4 cxd4 5. cxd4 Nf6 6. Nc3 Be7 7. Bd3 Nbd7 8.
O-O a6 9. Qe2 e5 10. Bg5 O-O 11. Rad1 Qa5 12. Bh4 b5 13. dxe5 dxe5 14. Bg3 b4
15. Nd5 Nxd5 16. exd5 Bf6 17. Nxe5 Nxe5 18. Bxe5 Bxe5 19. Qxe5 Qxa2 20. Rfe1
Bd7 21. Ra1 Qb3  1-0

[Event "14th IBCA World Chess Championship for Blind 2019"]
[Site "Cagliari"]
[Date "2019.04.08"]
[Round "3"]
[Board "22"]
[White "Badano, Giancarlo"]
[Black "Rositsan, Boris"]
[Result "1/2-1/2"]
[WhiteElo "1857"]
[BlackElo "2069"]
[PlyCount "50"]
[EventDate "2019.04.06"]
[EventRounds "9"]
[EventCountry "ITA"]

1. e4 Nc6 2. d4 d5 3. e5 Bf5 4. Nf3 a6 5. Be3 f6 6. Nh4 Be6 7. f4 fxe5 8. fxe5
Qd7 9. Bd3 Bg4 10. Qd2 e6 11. O-O O-O-O 12. c3 Nh6 13. Bg5 Be7 14. Na3 Bxg5 15.
Qxg5 Qe7 16. Qxe7 Nxe7 17. h3 Bh5 18. Rf2 g5 19. Nf3 g4 20. Nh4 gxh3 21. gxh3
Rhg8+ 22. Kh2 Rg7 23. Rg1 Rxg1 24. Kxg1 Rg8+ 25. Kh2 Rg7  1/2-1/2

[Event "14th IBCA World Chess Championship for Blind 2019"]
[Site "Cagliari"]
[Date "2019.04.08"]
[Round "3"]
[Board "23"]
[White "Suder, Ryszard"]
[Black "Wikman, Bengt"]
[Result "1-0"]
[WhiteElo "2052"]
[BlackElo "1806"]
[PlyCount "127"]
[EventDate "2019.04.06"]
[EventRounds "9"]
[EventCountry "ITA"]

1. Nf3 d5 2. d4 g6 3. Nc3 Bg7 4. Bf4 c6 5. e4 dxe4 6. Nxe4 Bg4 7. c3 Nf6 8.
Nxf6+ exf6 9. Be2 O-O 10. O-O Nd7 11. Re1 Nb6 12. h3 Be6 13. Qd2 Qd7 14. Bh6
Rfe8 15. Bxg7 Kxg7 16. Nh2 c5 17. Nf3 Rad8 18. Qc2 cxd4 19. Nxd4 Bc4 20. Bf3
Bd5 21. Rxe8 Rxe8 22. Rd1 Bxf3 23. Nxf3 Qc7 24. b3 Nd7 25. c4 Ne5 26. Nd4 Qa5
27. Qd2 Qxd2 28. Rxd2 g5 29. Nb5 a6 30. Nd6 Rb8 31. Rd5 b6 32. Ne4 Re8 33. f3
Re6 34. Rd8 Kg6 35. Kf2 h5 36. Rg8+ Kh7 37. Ra8 Nd3+ 38. Kg1 a5 39. c5 bxc5 40.
Rxa5 Rc6 41. Kf1 c4 42. bxc4 Rxc4 43. Nxf6+ Kg6 44. Ra6 Nb4 45. Rb6 Nxa2 46.
Ne4+ Kg7 47. Nxg5 Rc7 48. Kf2 Nc3 49. Rd6 Re7 50. h4 Ra7 51. Rd3 Ra2+ 52. Ke3
Na4 53. g3 f6 54. Ne6+ Kh6 55. Nf4 Nb2 56. Rd5 Nc4+ 57. Ke4 Ne5 58. Rd6 Ra4+
59. Kf5 Nxf3 60. Kxf6 Kh7 61. Rd7+ Kh6 62. Rd5 Ra6+ 63. Kf5 Ra8 64. Ke4  1-0

[Event "14th IBCA World Chess Championship for Blind 2019"]
[Site "Cagliari"]
[Date "2019.04.08"]
[Round "3"]
[Board "24"]
[White "Prpic, Milan"]
[Black "Schellmann, Frank"]
[Result "0-1"]
[WhiteElo "1829"]
[BlackElo "2033"]
[PlyCount "104"]
[EventDate "2019.04.06"]
[EventRounds "9"]
[EventCountry "ITA"]

1. Nf3 f5 2. d4 Nf6 3. c4 g6 4. Nc3 d6 5. Bg5 Bg7 6. g3 Nbd7 7. Bg2 O-O 8. O-O
h6 9. Bxf6 Nxf6 10. Qc2 c6 11. Rad1 Qe8 12. Rfe1 e5 13. e4 f4 14. Qd2 Nh5 15.
dxe5 dxe5 16. Qd6 Bg4 17. Rd3 Bf6 18. Qb4 Rf7 19. Red1 Qf8 20. Qa4 fxg3 21.
fxg3 Qc5+ 22. Kh1 Be7 23. Re1 Raf8 24. Rf1 Ng7 25. Qc2 Ne6 26. h3 Bxf3 27. Bxf3
Nd4 28. Qd1 Qxc4 29. Kg2 Nxf3 30. Rdxf3 Rxf3 31. Rxf3 Rxf3 32. Kxf3 Qe6 33. g4
Kg7 34. Qa4 Bc5 35. Qc2 Qc4 36. Qe2 Qxe2+ 37. Kxe2 Bd4 38. Nd1 Kf6 39. h4 b5
40. Kd2 c5 41. Kc2 c4 42. Kd2 Ke6 43. Kc2 Kd6 44. b3 cxb3+ 45. axb3 Kc5 46. h5
gxh5 47. gxh5 Kb4 48. Nb2 Bxb2 49. Kxb2 a5 50. Kc2 a4 51. bxa4 bxa4 52. Kb2 Kc4
 0-1

[Event "14th IBCA World Chess Championship for Blind 2019"]
[Site "Cagliari"]
[Date "2019.04.08"]
[Round "3"]
[Board "25"]
[White "Grybas, Gintaras"]
[Black "Pugliese, Giuseppe Franco"]
[Result "1-0"]
[WhiteElo "2006"]
[BlackElo "1648"]
[PlyCount "54"]
[EventDate "2019.04.06"]
[EventRounds "9"]
[EventCountry "ITA"]

1. d4 d5 2. c4 Nc6 3. Nc3 e6 4. Bf4 a6 5. e3 Nf6 6. Nf3 h6 7. Ne5 Bb4 8. Bd3
dxc4 9. Nxc6 bxc6 10. Bxc4 Nd5 11. Qd3 Nxf4 12. exf4 O-O 13. O-O Bxc3 14. bxc3
Rb8 15. Rab1 Rb6 16. Rb3 Rxb3 17. axb3 c5 18. dxc5 Qe7 19. b4 Rd8 20. Qe3 Qd7
21. h3 Bb7 22. Be2 Qa4 23. Qe5 Rd2 24. Bg4 Bc6 25. Qxc7 Bb5 26. f5 Qc2 27. fxe6
Rxf2  1-0

[Event "14th IBCA World Chess Championship for Blind 2019"]
[Site "Cagliari"]
[Date "2019.04.08"]
[Round "3"]
[Board "26"]
[White "Armstrong, William G"]
[Black "Schulz, Gert"]
[Result "0-1"]
[WhiteElo "1800"]
[BlackElo "1995"]
[PlyCount "70"]
[EventDate "2019.04.06"]
[EventRounds "9"]
[EventCountry "ITA"]

1. d4 Nf6 2. Bf4 c5 3. e3 g6 4. c3 cxd4 5. exd4 Bg7 6. Nd2 O-O 7. Ngf3 d6 8.
Be2 Nc6 9. O-O b6 10. Re1 Bb7 11. Rc1 Nh5 12. Be3 h6 13. d5 Ne5 14. Nxe5 dxe5
15. Bxh5 gxh5 16. c4 f5 17. f4 e4 18. Qxh5 Qe8 19. Qxe8 Rfxe8 20. b3 Rac8 $11
21. Nb1 Red8 22. a4 Rd7 23. a5 bxa5 24. Rcd1 a4 25. Bxa7 axb3 26. Na3 Ba6 27.
Bd4 Bxc4 28. Bxg7 Kxg7 29. Re3 Bd3 30. Nb1 Rxd5 31. Kf2 Rc2+ 32. Nd2 b2 33. Ke1
Rxd2 34. Kxd2 b1=Q 35. Rxb1 Bxb1+  0-1

[Event "14th IBCA World Chess Championship for Blind 2019"]
[Site "Cagliari"]
[Date "2019.04.08"]
[Round "3"]
[Board "27"]
[White "Barnowski, Sylwester"]
[Black "Bindzus, Ernst"]
[Result "1/2-1/2"]
[WhiteElo "1771"]
[BlackElo "1985"]
[PlyCount "82"]
[EventDate "2019.04.06"]
[EventRounds "9"]
[EventCountry "ITA"]

1. e4 c5 2. Nf3 d6 3. d4 cxd4 4. Nxd4 Nf6 5. Nc3 a6 6. Be3 e5 7. Nb3 Be7 8. Be2
Be6 9. O-O Nbd7 10. f4 Qc7 11. f5 Bc4 12. Kh1 b5 13. a3 Nb6 14. Bg5 Rd8 15.
Bxf6 Bxf6 16. Bxc4 bxc4 17. Nd2 O-O 18. Qe2 Qc6 19. Rad1 Rd7 20. Nf3 Re8 21.
Nd5 Bd8 22. c3 Rb7 23. Nb4 Qb5 24. Rxd6 a5 25. Na2 Be7 26. Rd2 Na4 27. Rd5 Qb3
28. Nc1 Qxb2 29. Qxb2 Rxb2 30. Nxe5 Nxc3 31. Nxc4 Rb1 32. Nd2 Rxc1 33. Rxc1
Nxd5 34. exd5 Bxa3 35. Rd1 Bb4 36. Nc4 Rd8 37. d6 Kf8 38. d7 f6 39. Nb6 Bc5 40.
Nc4 Ke7 41. Nxa5 Rxd7  1/2-1/2

[Event "14th IBCA World Chess Championship for Blind 2019"]
[Site "Cagliari"]
[Date "2019.04.08"]
[Round "3"]
[Board "28"]
[White "Riegler, Dieter"]
[Black "Kaliner, Arik"]
[Result "1/2-1/2"]
[WhiteElo "1956"]
[BlackElo "1644"]
[PlyCount "84"]
[EventDate "2019.04.06"]
[EventRounds "9"]
[EventCountry "ITA"]

1. d4 Nf6 2. c4 e5 3. dxe5 Ng4 4. e3 Nxe5 5. Nh3 Bb4+ 6. Bd2 Bxd2+ 7. Qxd2 d6
8. Nf4 Bf5 9. Nc3 O-O 10. Be2 Nbd7 11. O-O Nc5 12. b4 Ne6 13. Nh5 Bg4 14. Ng3
Bxe2 15. Qxe2 Qh4 16. Nge4 f5 17. g3 Qh6 18. Nd2 g5 19. f4 gxf4 20. gxf4 Ng4
21. Kh1 Rae8 22. Qg2 Kh8 23. Rf3 Rg8 24. Rg3 Nxe3 25. Qf2 Rxg3 26. Qxg3 Qxf4
27. Nd5 Qxg3 28. hxg3 Nxd5 29. cxd5 Nd4 30. Rd1 Re2 31. Nf1 Nf3 32. Rd3 Rf2 33.
Rd1 Rxa2 34. Rc1 Rb2 35. Rxc7 Rxb4 36. Re7 Rd4 37. Rxb7 a5 38. Rf7 Rxd5 39. Kg2
Nd2 40. Nxd2 Rxd2+ 41. Kf3 Rd5 42. Ra7 Kg8 {...}  1/2-1/2